| Поле | Название | Значение |
| |
Тип записи |
a |
| |
Библиографический уровень |
m |
| 001 |
Контрольный номер |
01bf6d6f47754272b6143e0732181d41 |
| 005 |
Дата корректировки |
20230707133309.7 |
| 010 |
Индекс ISBN |
__ |
| a |
ISBN |
978-5-04-093175-0 |
| d |
Цена |
198-14 |
| 100 |
Данные общей обработки |
__ |
| a |
Данные общей обработки |
20200323d2020####m##y0rusy50######ca |
| 101 |
Язык документа |
0_ |
| a |
Язык текста |
rus |
| 102 |
Страна публикации |
__ |
| a |
Страна публикации |
RU |
| 200 |
Заглавие и сведения об ответственности |
1_ |
| a |
Заглавие |
180 секунд |
| f |
Первые сведения об ответственности |
Джессика Парк |
| 210 |
Выходные данные |
1_ |
| a |
Место издания |
Москва |
| c |
Издательство |
Freedom |
| c |
Издательство |
Эксмо |
| d |
Дата издания |
2020 |
| 215 |
Физическое описание |
__ |
| a |
Объем |
413, [1] с. |
| 225 |
Серия (Журнальная рубрика) |
2_ |
| a |
Серия (Журнальная рубрика) |
Young Adult |
| i |
Наименование части |
Бестселлеры |
| 320 |
Библиография |
__ |
| a |
Библиография |
Другие произведения автора: с. 2 |
| 333 |
Примечание о целевом назначении |
__ |
| a |
Примечание о целевом назначении |
18+ |
| 517 |
Другие варианты заглавия |
1_ |
| a |
Другие варианты заглавия |
Сто восемьдесят секунд |
| 606 |
Тематические рубрики |
__ |
| a |
Основная рубрика |
Художественная литература |
| 606 |
Тематические рубрики |
__ |
| a |
Основная рубрика |
Литература Америки (произведения) |
| 610 |
Ключевые слова |
0_ |
| a |
Ключевые слова |
американская литература |
| a |
Ключевые слова |
романы |
| 686 |
Индексы других классификаций |
__ |
| a |
Индекс ББК |
84(7Сое)6-4 |
| 700 |
Автор |
_1 |
| a |
Фамилия |
Парк |
| b |
Имя |
Д. |
| g |
Полное личное имя |
Джессика |
| 801 |
Источник записи |
_0 |
| a |
Страна |
RU |
| b |
Организация |
Центральная районная библиотека им. Г. А. Пирожникова |
| c |
Дата составления |
2020.03.23 |
| g |
Правила каталогизации |
bzbo |
| 801 |
Источник записи |
_1 |
| a |
Страна |
RU |
| b |
Организация |
Центральная районная библиотека им. Г. А. Пирожникова |
| c |
Дата составления |
2020.03.23 |
| g |
Правила каталогизации |
PSBO |
| 852 |
Данные о местонахождении |
__ |
| j |
Шифр хранения |
84(7Сое)6 |
| i |
Авторский знак |
П 182 |
| 901 |
Тип документа |
__ |
| t |
Тип документа |
m |
| 902 |
Роль лиц |
__ |
| a |
Создатель БЗ |
ОКиО/Шумских |